000 00456nam a2200157Ia 4500
008 151021s9999 xx 000 0 und d
020 _a9.780566079e+012
050 _aHD61.H48 2008
245 _a_Understanding and Managing Risk Attitude (2nd ed.)
260 _aUSA Gower Publisher 2007
300 _axx,180p:ill.
500 _aIncludes Index
650 _a_Managing Risk
700 _a_Ruth Murray-Webster
980 _a^d20110208 03:42:28^okorir
999 _c6615
_d6615